000 00595-am-a2200193-a-4500
001 000031502
003 AM-YEHGA
005 20260123094644.0
008 010110s1939 0 0 arm u 0| arm d
040 _aAM-YEHGA
041 0 _aarm
100 1 _aԿիրակոսեան, Գ.Կ
245 1 0 _aՈւղեցոյց հայ ուսուցչին /
_cԳ.Կ. Կիրակոսեան.
260 _aԵրևան :
_bՀ.Բ.Ը. Միութեան մատենաշարի,
_c1939.
300 _a64 էջ
440 0 _aՄատենաշար Հ.Բ.Ը. միութեան
_vԹիվ 6
650 1 4 _aԼեզու
942 _2udc
_cBK
999 _c539015
_d539015